Statistics for The Usual Suspects Lineup

Click here to take the quiz!

General Stats

  • This quiz has been taken 51 times
  • The average score is 4 of 5

Answer Stats

HintAnswer% Correct
Verbal KintKevin Spacey
98%
Michael McManusStephen Baldwin
84%
Fred FensterBenicio del Toro
81%
Dean KeatonGabriel Byrne
60%
Todd HockneyKevin Pollak
49%

Score Distribution

Percentile by Number Answered

Percent of People with Each Score

Your Score History

You have not taken this quiz